| 000 | 00446cam a2200169ua 4500 | ||
|---|---|---|---|
| 020 | _cRs.3.50 | ||
| 041 |
_aeng _h |
||
| 082 |
_a894.81209 _bANT/AN |
||
| 100 | _aAntharjanan shahyabdpoo , rat celbration commitee . | ||
| 245 | _aAntharjanam- oru padanam | ||
| 260 |
_a : _bAntharjanam shabtubdapurath celbration commitee , _c1969. |
||
| 300 | _a142 ; . | ||
| 365 | _aRs.3.50 | ||
| 504 | _a | ||
| 942 | _cBK | ||
| 999 |
_c12003 _d12003 |
||